अंताजीची बखर (Record no. 463151)

MARC details
000 -LEADER
fixed length control field 00453nam a2200145Ia 4500
008 - FIXED-LENGTH DATA ELEMENTS--GENERAL INFORMATION
fixed length control field 100204s9999 xx 000 0 und d
082 ## - DEWEY DECIMAL CLASSIFICATION NUMBER
Item number 18728
100 ## - MAIN ENTRY--PERSONAL NAME
Personal name खरे नंदा
245 ## - TITLE STATEMENT
Title अंताजीची बखर
260 ## - PUBLICATION, DISTRIBUTION, ETC. (IMPRINT)
Name of publisher, distributor, etc "ग्रंथाली प्रकाशन , मुंबई"
300 ## - PHYSICAL DESCRIPTION
Extent 187
630 ## - SUBJECT ADDED ENTRY--UNIFORM TITLE
Uniform title अंताजीची बखर
730 ## - ADDED ENTRY--UNIFORM TITLE
Uniform title अंताजीची बखर
942 ## - ADDED ENTRY ELEMENTS (KOHA)
Koha item type Book
Holdings
Withdrawn status Lost status Damaged status Not for loan Home library Current library Date acquired Cost, normal purchase price Total Checkouts Full call number Barcode Date last seen Cost, replacement price Price effective from Koha item type
        N. C. Kelkar Sarvajanik Library, Mulund N. C. Kelkar Sarvajanik Library, Mulund 02/04/2010 250.00   18728 NCKMULUND-18728 02/04/2010 250.00 02/04/2010 Book